[Event "Lichtenberger Sommer 2018"]
[Site "?"]
[Date "2018.08.19"]
[Round "2.57"]
[White "Mueller, Jörg René"]
[Black "Guder, Sibylle"]
[Result "0-1"]
[WhiteElo "1547"]
[BlackElo "1794"]
[PlyCount "196"]
[EventDate "2018.??.??"]
[WhiteTeam "SC Zugzwang 95 (Berlin)"]
[BlackTeam "SF 1903 Berlin"]

1. e4 c5 2. Bc4 e6 3. Nf3 d6 4. Nc3 a6 5. a4 b6 6. d4 cxd4 7. Nxd4 Qc7 8. Bb3
Nf6 9. O-O Be7 10. Bg5 O-O 11. Kh1 h6 12. Bh4 Nc6 13. Nxc6 Qxc6 14. Re1 Bb7 15.
f3 Rfe8 16. Qd2 Qc7 17. Rad1 Rad8 18. Bg3 Qc6 19. h3 Nh5 20. Bh2 Bh4 21. Re2
Ng3+ 22. Bxg3 Bxg3 23. Qe3 Qc7 24. f4 Bh4 25. g3 Bf6 26. Kh2 Bxc3 27. bxc3 Bc6
28. c4 a5 29. Red2 Rd7 30. h4 Red8 31. Kh3 Bb7 32. g4 Qc6 33. Re2 Ba6 34. Qc3
Rc8 35. f5 Bxc4 36. Bxc4 Qxc4 37. Qa3 Qc3+ 38. Qxc3 Rxc3+ 39. Kh2 exf5 40. exf5
Rc4 41. Kg3 Kf8 42. Rde1 f6 43. Re8+ Kf7 44. Rb8 Re7 45. Rxe7+ Kxe7 46. Rxb6
Rxc2 47. Rb5 Rc5 48. Rb7+ Kf8 49. Rb8+ Kf7 50. Rb7+ Kg8 51. Kf3 h5 52. Rb6
hxg4+ 53. Kxg4 Rd5 54. Rb5 Rd4+ 55. Kg3 Rxa4 56. Rd5 Kh7 57. Rxd6 Rb4 58. Ra6
a4 59. Ra5 Rb3+ 60. Kg4 a3 61. Kh5 Kg8 62. Kg4 Kf7 63. Ra7+ Kf8 64. Ra8+ Ke7
65. Ra7+ Kd6 66. Kf4 Kc5 67. Rxg7 Rb4+ 68. Kg3 Ra4 69. Rc7+ Kd6 70. Rc1 a2 71.
Ra1 Ke5 72. Re1+ Kxf5 73. Rf1+ Kg6 74. Ra1 f5 75. Kh3 Kh5 76. Kg3 f4+ 77. Kf3
Kxh4 78. Rh1+ Kg5 79. Rg1+ Kf5 80. Ra1 Ra3+ 81. Kf2 Ke4 82. Ke2 Rh3 83. Kd2
Rh2+ 84. Kc3 Ke3 85. Kb3 f3 86. Rc1 Re2 87. Rc3+ Kf4 88. Rc1 Kg3 89. Rg1+ Kf2
90. Rc1 Kg2 91. Kc3 f2 92. Kb3 f1=Q 93. Rc3 Qb1+ 94. Kc4 Rc2 95. Kd3 Rxc3+ 96.
Kxc3 a1=Q+ 97. Kc4 Qc2+ 98. Kb5 Qab1+ 0-1

[Event "Lichtenberger Sommer 2018"]
[Site "?"]
[Date "2018.08.19"]
[Round "2.58"]
[White "Abraham, Helmut"]
[Black "Korell, Klaus-Peter"]
[Result "0-1"]
[WhiteElo "1461"]
[BlackElo "1847"]
[PlyCount "72"]
[EventDate "2018.??.??"]
[WhiteTeam "SC Kreuzberg"]
[BlackTeam "SG TT/Wiheil"]

1. Nf3 Nf6 2. c4 e6 3. b3 Be7 4. Nc3 d5 5. cxd5 exd5 6. d4 O-O 7. e3 Bf5 8. Bd3
Bxd3 9. Qxd3 Nbd7 10. O-O Re8 11. Bb2 c6 12. Rac1 Bd6 13. Ne2 Ne4 14. Ng3 Ndf6
15. Ne5 Qc7 16. f3 Nxg3 17. hxg3 Nd7 18. Nxd7 Qxd7 19. f4 Re4 20. Rf3 Rae8 21.
Rcf1 f5 22. Bc3 Qe6 23. Kf2 c5 24. dxc5 Bxc5 25. Be5 Rd8 26. Qc3 Rc8 27. Qa5
Bb6 28. Qd2 Qc6 29. g4 fxg4 30. Rg3 h5 31. Rh1 g6 32. Rd1 Rd8 33. Rc1 Qe6 34.
Rh1 Rd7 35. Qc3 Rh7 36. Rh4 Bd8 0-1

[Event "Lichtenberger Sommer 2018"]
[Site "?"]
[Date "2018.08.19"]
[Round "2.59"]
[White "Vollmar, Timo"]
[Black "Meister, Alexander"]
[Result "0-1"]
[WhiteElo "1477"]
[BlackElo "1962"]
[PlyCount "78"]
[EventDate "2018.??.??"]
[WhiteTeam "BSV 63 Chemie Weißensee"]
[BlackTeam "vereinslos"]

1. e4 e6 2. d4 b6 3. Nc3 Bb7 4. Nf3 h6 5. Bf4 Bb4 6. Bd3 Nf6 7. e5 Ne4 8. Bxe4
Bxe4 9. O-O Bb7 10. a3 Be7 11. Qd3 c6 12. Rad1 Ba6 13. Qd2 Bxf1 14. Kxf1 Na6
15. Ne4 Nc7 16. c4 Kf8 17. Bg3 Ne8 18. Qf4 g5 19. Qd2 d5 20. exd6 Nxd6 21. Nxd6
Bxd6 22. Ne5 Bxe5 23. Bxe5 f6 24. Bg3 Qd7 25. Qd3 Kf7 26. Qf3 Kg7 27. Qg4 f5
28. Be5+ Kg6 29. Qe2 Rhe8 30. Qc2 b5 31. b3 a5 32. cxb5 cxb5 33. Rc1 Rac8 34.
Qd2 Rxc1+ 35. Qxc1 Rc8 36. Qd2 Qd5 37. Qd3 Rc1+ 38. Ke2 Qxg2 39. Qxb5 Qf1+ 0-1

[Event "Lichtenberger Sommer 2018"]
[Site "?"]
[Date "2018.08.19"]
[Round "2.60"]
[White "Syre, Christian"]
[Black "Engesser, Philipp"]
[Result "1-0"]
[WhiteElo "2184"]
[BlackElo "1626"]
[PlyCount "98"]
[EventDate "2018.??.??"]
[WhiteTeam "TSG Oberschöneweide"]
[BlackTeam "Esv Askoe Admira Villach"]

1. Nf3 c5 2. e4 Nc6 3. g3 e5 4. Bg2 Nf6 5. d3 h6 6. O-O Be7 7. Nbd2 d6 8. c3
Qb6 9. Nc4 Qa6 10. Ne3 Be6 11. Nh4 g6 12. Nd5 O-O-O 13. a3 Bxd5 14. exd5 Nb8
15. Be3 Nbd7 16. c4 h5 17. b4 b6 18. Bh3 Kc7 19. f3 Rb8 20. b5 Qc8 21. a4 a5
22. bxa6 Qxa6 23. Rf2 Rb7 24. Rfa2 Rhb8 25. Ng2 Ra7 26. Qc1 Kd8 27. Bd2 Ke8 28.
Ne3 Qb7 29. Nd1 Nxd5 30. cxd5 Qxd5 31. Qc4 Qxc4 32. dxc4 Bf6 33. Bc3 Be7 34.
Bxd7+ Kxd7 35. Ne3 f5 36. Nd5 g5 37. h3 f4 38. g4 h4 39. Kf2 Bd8 40. Ke2 Rba8
41. Kd3 Ke6 42. Ke4 Ra6 43. Bd2 Rb8 44. Nc3 Rb7 45. Nb5 Rb8 46. Ra3 Rb7 47. Bc3
Rd7 48. a5 Ra8 49. axb6 Bxb6 1-0

[Event "Lichtenberger Sommer 2018"]
[Site "?"]
[Date "2018.08.19"]
[Round "2.61"]
[White "Mayer, Herbert"]
[Black "Engelhardt, Erhard"]
[Result "0-1"]
[WhiteElo "1840"]
[BlackElo "1769"]
[PlyCount "219"]
[EventDate "2018.??.??"]
[WhiteTeam "SC Rochade (Berlin)"]
[BlackTeam "SSV Rotation Berlin"]

1. c4 e6 2. b3 f5 3. Bb2 Nf6 4. g3 c6 5. Bg2 d5 6. e3 Bd6 7. f4 Qe7 8. Nf3 O-O
9. O-O Nbd7 10. d4 b6 11. Nbd2 Ba6 12. Re1 Rac8 13. Rc1 Ne4 14. Nxe4 fxe4 15.
Ng5 h6 16. Nh3 Nf6 17. Nf2 Bb7 18. Bh3 Ra8 19. Kh1 g6 20. Rc2 Kh7 21. g4 Ng8
22. Qc1 Rf7 23. Rg1 Raf8 24. g5 h5 25. c5 Bb8 26. cxb6 axb6 27. Nd1 Bd6 28. Bf1
Ra8 29. Nc3 Qd8 30. Bh3 Qe8 31. Ba1 Ba3 32. Qd1 Bd6 33. Ne2 Bc8 34. Ng3 Kg7 35.
Qc1 Ne7 36. Qb2 Nf5 37. Bxf5 exf5 38. Qc3 Rc7 39. h4 Bd7 40. Rb1 Qe7 41. Qd2
Rca7 42. Ne2 Be8 43. Bc3 Kh7 44. Ra1 Ra6 45. Qd1 Qa7 46. Be1 Qb8 47. b4 Qa7 48.
Nc1 Ra4 49. Rb2 Qe7 50. Qd2 Qd7 51. Rab1 Qa7 52. Ne2 Ra3 53. Nc3 b5 54. Rc2 Qe7
55. Rcb2 Qa7 56. Rc1 Qe7 57. Nb1 R3a6 58. Rcc2 Ra4 59. Nc3 R4a6 60. Ne2 Ra4 61.
Nc1 R8a7 62. Qc3 Ra3 63. Rb3 R3a4 64. a3 Ra8 65. Ra2 Qa7 66. Qb2 Qa6 67. Ne2
Qa7 68. Qc1 Ra6 69. Bc3 Ra4 70. Qb2 Ra6 71. Nc1 Ra4 72. Bd2 Ra6 73. Rc3 Ra4 74.
Rb3 Ra6 75. Ne2 Ra4 76. Bc1 Ra6 77. Nc3 Qe7 78. Qc2 R6a7 79. Nb1 Ra4 80. Nd2
Qa7 81. Qc3 Ra6 82. Rb1 Ra4 83. Raa1 Ra6 84. Nb3 Qe7 85. Na5 Bc7 86. Nb3 Bb6
87. Bb2 R6a7 88. Rc1 Qd6 89. Rc2 Ra6 90. Rac1 R6a7 91. Nc5 Bxc5 92. dxc5 Qf8
93. Qe5 Rd8 94. Ra1 Re7 95. Qf6 Bf7 96. Qxc6 d4 97. Bxd4 Rxd4 98. exd4 e3 99.
Qxb5 Bd5+ 100. Kh2 Bf3 101. c6 Qd8 102. Qc5 Qc7 103. Kg1 e2 104. Kf2 Bxc6 105.
Rxe2 Qxf4+ 106. Ke1 Qxh4+ 107. Kd2 Qf4+ 108. Kd1 Qf1+ 109. Kc2 Qxe2+ 110. Kb3
0-1

[Event "Lichtenberger Sommer 2018"]
[Site "?"]
[Date "2018.08.19"]
[Round "2.62"]
[White "Pöltelt, Helmut"]
[Black "Keusch, Horst"]
[Result "0-1"]
[WhiteElo "1714"]
[BlackElo "1932"]
[PlyCount "72"]
[EventDate "2018.??.??"]
[WhiteTeam "SC Eintracht Berlin"]
[BlackTeam "SC Friesen Lichtenberg"]

1. e4 e6 2. d4 d5 3. Nd2 a6 4. Ngf3 c5 5. exd5 exd5 6. dxc5 Bxc5 7. Nb3 Bb6 8.
Bg5 Ne7 9. c3 Nbc6 10. Be2 f6 11. Bf4 Ng6 12. Bg3 O-O 13. O-O Nge5 14. Qc2 Be6
15. Rad1 Rc8 16. Nfd4 Bf7 17. f4 Nxd4 18. Nxd4 Nc6 19. Bf2 Re8 20. Bg4 Nxd4 21.
Bxd4 Rc4 22. Qf2 Bxd4 23. Rxd4 Qa5 24. a3 Rxd4 25. Qxd4 Qb5 26. Qd2 Qb6+ 27.
Kh1 Qb5 28. Rf2 Qxb2 29. g3 Qxa3 30. f5 Re5 31. Kg2 Qe7 32. Kf3 d4 33. Re2 dxc3
34. Qc2 b5 35. Kf2 b4 36. Rxe5 Qxe5 0-1

[Event "Lichtenberger Sommer 2018"]
[Site "?"]
[Date "2018.08.19"]
[Round "2.63"]
[White "Schmidt, Jürgen"]
[Black "Timm, Christian"]
[Result "1-0"]
[WhiteElo "1874"]
[BlackElo "1651"]
[PlyCount "65"]
[EventDate "2018.??.??"]
[WhiteTeam "SC Kreuzberg"]
[BlackTeam "König Springer Herzberg"]

1. e4 e6 2. d4 Be7 3. Nf3 d6 4. Bd3 b6 5. c4 Bb7 6. Nc3 Nf6 7. O-O O-O 8. e5
dxe5 9. dxe5 Ne8 10. Qe2 Nd7 11. Rd1 g6 12. Bh6 Ng7 13. Be4 c6 14. Nb5 Qc8 15.
Nd6 Qc7 16. b4 Nxe5 17. Nxb7 Nxf3+ 18. Qxf3 Rac8 19. b5 Qxb7 20. Bf4 Bf6 21.
Bxc6 Qe7 22. Bd6 Qxd6 23. Rxd6 Bxa1 24. Rd7 Rcd8 25. g3 Rxd7 26. Bxd7 Nf5 27.
Qb7 Nd6 28. Qxa7 Nxc4 29. Qc7 Ne5 30. Bc6 Bd4 31. Qd6 Nxc6 32. bxc6 Bf6 33. c7
1-0

[Event "Lichtenberger Sommer 2018"]
[Site "?"]
[Date "2018.08.19"]
[Round "2.64"]
[White "Morczynski, Joachim"]
[Black "Matitschka, Johannes"]
[Result "0-1"]
[WhiteElo "1583"]
[BlackElo "1774"]
[PlyCount "68"]
[EventDate "2018.??.??"]
[WhiteTeam "SK Zehlendorf"]
[BlackTeam "TSG Oberschöneweide"]

1. e4 c5 2. Nf3 Nc6 3. Bb5 g6 4. c3 a6 5. Ba4 b5 6. Bc2 d6 7. O-O Bg7 8. d4 Bg4
9. Be3 cxd4 10. Bxd4 Nxd4 11. cxd4 Bxf3 12. gxf3 Qb6 13. e5 dxe5 14. dxe5 Bxe5
15. Qd5 Qb8 16. Bb3 e6 17. Qc6+ Kf8 18. Qc2 Bxh2+ 19. Kg2 Nf6 20. Re1 Kg7 21.
Nc3 Rc8 22. Qe2 Rc5 23. Qe3 Re5 24. Ne4 Nxe4 25. fxe4 Rh5 26. Rad1 Qe5 27. Rd7
Bf4 28. Qf3 Qf6 29. Rh1 Rxh1 30. Kxh1 Rc8 31. Qh3 Rc6 32. Kg2 Be5 33. Qg4 Rd6
34. Rxd6 Bxd6 0-1

[Event "Lichtenberger Sommer 2018"]
[Site "?"]
[Date "2018.08.19"]
[Round "2.65"]
[White "Schumacher, Gerhard"]
[Black "Schiller, Stephan"]
[Result "1/2-1/2"]
[WhiteElo "1759"]
[BlackElo "1604"]
[PlyCount "104"]
[EventDate "2018.??.??"]
[WhiteTeam "SG BVG Helmholz 55"]
[BlackTeam "SV Motor Wildau"]

1. Nf3 g6 2. g3 Bg7 3. Bg2 c6 4. d3 d5 5. c3 Nf6 6. Nbd2 O-O 7. O-O Nbd7 8. Re1
e5 9. Qc2 Re8 10. e4 dxe4 11. dxe4 Nb6 12. Nf1 Qc7 13. b3 Be6 14. h3 Nbd7 15.
Ng5 Nf8 16. Nxe6 Nxe6 17. Be3 b6 18. Nd2 Rad8 19. Nf3 Nd7 20. Rad1 Ndc5 21. b4
Nb7 22. Ng5 Qe7 23. Nxe6 Qxe6 24. c4 Qe7 25. c5 b5 26. a4 a6 27. axb5 axb5 28.
h4 h6 29. Bh3 Rf8 30. Ra1 Ra8 31. Red1 Rxa1 32. Rxa1 Nd8 33. Ra6 Qc7 34. Qa2
Re8 35. Ra8 Kf8 36. Qa6 Ne6 37. Rxe8+ Kxe8 38. Bxe6 fxe6 39. Qa2 Qd7 40. Kg2
Ke7 41. Qa8 Qc7 42. Qa2 Qd7 43. Qd2 Qxd2 44. Bxd2 Ke8 45. g4 Kf7 46. Kh3 Ke7
47. g5 h5 48. Bc3 Kf7 49. Kg3 Kf8 50. Kf3 Kf7 51. Ke3 Ke7 52. Kd3 Kf7 1/2-1/2

[Event "Lichtenberger Sommer 2018"]
[Site "?"]
[Date "2018.08.19"]
[Round "2.66"]
[White "Ollek, Karl-Heinz"]
[Black "Plaza Reino, Mercedes"]
[Result "0-1"]
[WhiteElo "1681"]
[BlackElo "1701"]
[PlyCount "110"]
[EventDate "2018.??.??"]
[WhiteTeam "SC Friesen Lichtenberg"]
[BlackTeam "Enniscorthy Chess Club"]

1. c4 e5 2. Nc3 Nf6 3. g3 d5 4. cxd5 Nxd5 5. Bg2 Nb6 6. a4 a5 7. Nf3 Nc6 8. O-O
Be7 9. d3 Be6 10. Nb5 O-O 11. b3 f6 12. Bb2 Nd5 13. Nd2 Qd7 14. Nc4 Rac8 15. d4
exd4 16. Nxd4 Nxd4 17. Bxd4 b6 18. e4 Nb4 19. Bc3 Rcd8 20. Qxd7 Rxd7 21. Rfd1
Rfd8 22. Rxd7 Rxd7 23. Bf1 Nc2 24. Rc1 Nd4 25. Nd2 Nxb3 26. Nxb3 Bxb3 27. Bb5
Rd1+ 28. Rxd1 Bxd1 29. f4 Bb3 30. Kf2 Kf7 31. h4 Ke6 32. f5+ Kd6 33. Be8 c6 34.
Bb2 Kc7 35. e5 Bxa4 36. g4 Bc2 37. Ke2 a4 38. Kd2 Be4 39. Bf7 b5 40. Ba2 b4 41.
Ke3 Bc2 42. Be6 a3 43. exf6 gxf6 44. Kd2 Be4 45. Ba1 Bf3 46. g5 fxg5 47. f6 Bd6
48. f7 Bf8 49. Be5+ Kb6 50. Bd4+ c5 51. Ba1 Kc6 52. Bb3 Kb5 53. Be6 c4 54. Bd7+
Kc5 55. Ba4 b3 0-1

[Event "Lichtenberger Sommer 2018"]
[Site "?"]
[Date "2018.08.19"]
[Round "2.67"]
[White "Stein, Siegfried"]
[Black "Schild, Reinhard"]
[Result "1-0"]
[WhiteElo "1822"]
[BlackElo "1601"]
[PlyCount "39"]
[EventDate "2018.??.??"]
[WhiteTeam "SV Berolina Mitte"]
[BlackTeam "SG Weißensee 49"]

1. e4 e5 2. Nc3 Nf6 3. Bc4 Bc5 4. d3 c6 5. a4 a6 6. f4 exf4 7. Bxf4 Qb6 8. Nf3
Bf2+ 9. Kf1 Bd4 10. a5 Qa7 11. Bd6 h6 12. Na4 b5 13. axb6 Bxb6 14. Ne5 Bd4 15.
Bxf7+ Kd8 16. Ng6 Re8 17. Bxe8 Nxe8 18. e5 Nc7 19. Qf3 Ne6 20. Qf7 1-0

[Event "Lichtenberger Sommer 2018"]
[Site "?"]
[Date "2018.08.19"]
[Round "2.68"]
[White "Wadepfuhl, Jeremy"]
[Black "Schmalzried, Volker"]
[Result "0-1"]
[WhiteElo "1526"]
[BlackElo "1807"]
[PlyCount "115"]
[EventDate "2018.??.??"]
[WhiteTeam "Borussia Lichtenberg"]
[BlackTeam "vereinslos"]

1. b3 Nf6 2. Bb2 Nc6 3. e3 g6 4. Nf3 Bg7 5. c4 O-O 6. Be2 d5 7. O-O Re8 8. d4
Bf5 9. a3 Ne4 10. Nbd2 Na5 11. b4 Nxd2 12. Nxd2 Nxc4 13. Nxc4 dxc4 14. Bxc4 Be4
15. Qg4 Bd5 16. Rac1 c6 17. e4 Bxc4 18. Rxc4 e5 19. f4 exd4 20. e5 d3 21. Rd1
Qd5 22. Rd4 Qa2 23. Rd2 Rad8 24. Rxd8 Rxd8 25. Qd1 Qc4 26. g3 b6 27. Kf2 c5 28.
bxc5 bxc5 29. Qc1 Qb5 30. Bc3 c4 31. Qb2 Qc5+ 32. Kf1 Bf8 33. Bb4 Qc6 34. Qc3
Bxb4 35. axb4 Qh1+ 36. Kf2 Qxh2+ 37. Kf3 Qh1+ 38. Kf2 Qd5 39. Ke3 Rc8 40. Rf2
Qc6 41. Kd2 Rb8 42. g4 Qb6 43. Rg2 Qxb4 44. Qxb4 Rxb4 45. Kc3 Ra4 46. Kb2 a5
47. f5 Kf8 48. f6 Ke8 49. Rh2 Kd7 50. Kc3 Ke6 51. Rxh7 Ra1 52. Rh8 Kxe5 53. g5
Rc1+ 54. Kd2 Rc2+ 55. Kd1 c3 56. Rc8 a4 57. Rd8 Rd2+ 58. Kc1 0-1

[Event "Lichtenberger Sommer 2018"]
[Site "?"]
[Date "2018.08.19"]
[Round "2.69"]
[White "Birkholz, Axel"]
[Black "Murat, Abylay"]
[Result "1-0"]
[WhiteElo "1858"]
[BlackElo "1708"]
[PlyCount "89"]
[EventDate "2018.??.??"]
[WhiteTeam "SR Spaichingen"]
[BlackTeam "SC Friesen Lichtenberg"]

1. e4 c5 2. Nf3 Nc6 3. d4 cxd4 4. Nxd4 Qb6 5. Nb3 Nf6 6. Nc3 Qb4 7. Bd3 d5 8.
Bd2 Qd6 9. O-O Ng4 10. f4 dxe4 11. Nxe4 Qh6 12. h3 f5 13. hxg4 fxe4 14. Bxe4
Qh4 15. Bxc6+ bxc6 16. Qf3 Qf6 17. Rad1 Ba6 18. Bc3 Qe6 19. Nc5 Qc4 20. Qxc6+
Kf7 21. Qxa8 Qxc5+ 22. Bd4 Qxc2 23. Rfe1 Qc4 24. b3 Qb5 25. Re5 Qb7 26. Qxb7
Bxb7 27. Bxa7 g6 28. Rde1 Bc8 29. g5 e6 30. Rc1 Bd6 31. Re3 Bb7 32. Rec3 Ke7
33. Rc7+ Bxc7 34. Rxc7+ Kd6 35. Rxb7 h5 36. Rg7 Ra8 37. a4 Rf8 38. g3 h4 39. b4
Kd5 40. Kg2 Ke4 41. Rxg6 hxg3 42. Kxg3 Rxf4 43. Rxe6+ Kd5 44. Kxf4 Kxe6 45. b5
1-0

[Event "Lichtenberger Sommer 2018"]
[Site "?"]
[Date "2018.08.19"]
[Round "2.71"]
[White "Schubert, Joachim"]
[Black "Theilig, Reinhard"]
[Result "1-0"]
[WhiteElo "1845"]
[BlackElo "1598"]
[PlyCount "79"]
[EventDate "2018.??.??"]
[WhiteTeam "SC Friesen Lichtenberg"]
[BlackTeam "VfB Hermsdorf"]

1. e4 d6 2. d4 Nf6 3. Nc3 g6 4. Be2 Bg7 5. h4 h5 6. Nh3 Bg4 7. f3 Bxh3 8. Rxh3
Nfd7 9. Be3 e5 10. d5 Bh6 11. Qd2 Bxe3 12. Qxe3 Nf6 13. O-O-O Nbd7 14. Rdh1 Nc5
15. Bb5+ Kf8 16. Be2 a6 17. g4 b5 18. g5 Nfd7 19. f4 b4 20. Nb1 exf4 21. Qxf4
Ne5 22. Nd2 Kg7 23. Qe3 Rf8 24. Qd4 Kg8 25. Qxb4 Rb8 26. Qd4 Qd7 27. Ra3 Rb6
28. b3 Rfb8 29. c3 Qe8 30. Rf1 Qd7 31. b4 Na4 32. Bd1 c5 33. dxc6 Nxc6 34. Bxa4
Nxd4 35. Bxd7 R8b7 36. Ba4 Rc7 37. Kb2 a5 38. cxd4 Rxb4+ 39. Bb3 Rxd4 40. Rf2
1-0

[Event "Lichtenberger Sommer 2018"]
[Site "?"]
[Date "2018.08.19"]
[Round "2.72"]
[White "Pathasart, Somchay"]
[Black "Bergmann, Jens"]
[Result "1-0"]
[WhiteElo "1750"]
[BlackElo "1835"]
[PlyCount "111"]
[EventDate "2018.??.??"]
[WhiteTeam "SG Weißensee 49"]
[BlackTeam "SK Tempelhof 1931"]

1. d4 Nf6 2. Nf3 e6 3. Bg5 h6 4. Bh4 d5 5. e3 Nbd7 6. Ne5 Be7 7. f4 c5 8. c3 c4
9. Nd2 Nh7 10. Bg3 Nxe5 11. fxe5 Bh4 12. Nf3 Bxg3+ 13. hxg3 Ng5 14. Nxg5 Qxg5
15. Qf3 O-O 16. Qf4 Qg6 17. Rc1 f6 18. Be2 Bd7 19. Bh5 Qd3 20. Be2 Qg6 21. Bh5
Qh7 22. O-O g5 23. Qg4 f5 24. Qe2 g4 25. Kf2 Qe7 26. Rh1 Kg7 27. Rh4 b5 28. a3
a5 29. Rch1 b4 30. axb4 axb4 31. Qd2 bxc3 32. Qc2 cxb2 33. Ke2 Qg5 34. Rb1 Ba4
35. Qc3 Bb3 36. Rxb2 Rfb8 37. Kf2 Ra1 38. Re2 Rb7 39. Qxa1 Qe7 40. Rh1 Ra7 41.
Qc3 Ra8 42. Ra1 Rb8 43. Rb2 Qc7 44. Ra6 Qd7 45. Rd6 Qa7 46. Rxe6 Qa1 47. Qd2
Qh1 48. Re7+ Kf8 49. Rf7+ Kg8 50. Rxf5 Ra8 51. Qe1 Qxe1+ 52. Kxe1 Ra1+ 53. Kd2
Rd1+ 54. Ke2 Rg1 55. Rf2 Ba4 56. Rb8+ 1-0

[Event "Lichtenberger Sommer 2018"]
[Site "?"]
[Date "2018.08.19"]
[Round "2.73"]
[White "Jeß, Arne"]
[Black "Hömke, Holger"]
[Result "1-0"]
[WhiteElo "1814"]
[BlackElo "1578"]
[PlyCount "41"]
[EventDate "2018.??.??"]
[WhiteTeam "TSG Fredersdorf/Vogelsdorf"]
[BlackTeam "SK Zehlendorf"]

1. e4 e6 2. d4 d5 3. Nc3 dxe4 4. Nxe4 Nd7 5. Nf3 Ngf6 6. Bd3 Be7 7. Qe2 Nxe4 8.
Bxe4 Nf6 9. Bd3 h6 10. Bd2 O-O 11. O-O-O b6 12. c3 Bb7 13. Kb1 a5 14. Rhg1 Qc8
15. g4 Nd7 16. Rde1 Ba6 17. c4 Re8 18. g5 h5 19. g6 Nf6 20. gxf7+ Kxf7 21. Bg6+
1-0

[Event "Lichtenberger Sommer 2018"]
[Site "?"]
[Date "2018.08.19"]
[Round "2.74"]
[White "Fiedler, Ronald"]
[Black "Schneider, Eckehard"]
[Result "1/2-1/2"]
[WhiteElo "1657"]
[BlackElo "1837"]
[PlyCount "23"]
[EventDate "2018.??.??"]
[WhiteTeam "Läufer Reinickendorf"]
[BlackTeam "SF 1903 Berlin"]

1. d4 Nf6 2. c4 g6 3. Nc3 Bg7 4. e4 d6 5. Be2 O-O 6. Bg5 Na6 7. h4 c5 8. d5 Nc7
9. Nh3 h6 10. Be3 Bd7 11. Qd2 Kh7 12. Ng5+ 1/2-1/2

[Event "Lichtenberger Sommer 2018"]
[Site "?"]
[Date "2018.08.19"]
[Round "2.76"]
[White "Rehmsmeier, Marc"]
[Black "Ettel, Ralf"]
[Result "1-0"]
[WhiteElo "1735"]
[BlackElo "1549"]
[PlyCount "97"]
[EventDate "2018.??.??"]
[WhiteTeam "SK International Berlin 2010"]
[BlackTeam "SK König Tegel"]

1. d4 Nf6 2. c4 e6 3. Nc3 d5 4. cxd5 exd5 5. Bg5 Be7 6. e3 O-O 7. Bd3 Nbd7 8.
Nge2 c6 9. O-O Ne4 10. Bxe7 Qxe7 11. Nxe4 dxe4 12. Bc2 Nf6 13. h3 Bf5 14. Ng3
Bg6 15. a3 a5 16. Qd2 h5 17. f3 exf3 18. Bxg6 fxg6 19. gxf3 Qd6 20. Qg2 Rae8
21. Ne4 Nxe4 22. fxe4 Qe6 23. Rxf8+ Rxf8 24. Rf1 Rxf1+ 25. Kxf1 Qc4+ 26. Qe2
Qe6 27. Qf3 Qc4+ 28. Qe2 Qe6 29. Qg2 g5 30. Kg1 Qh6 31. Qg3 g4 32. Qf4 g5 33.
Qb8+ Qf8 34. Qxb7 g3 35. Qb3+ Kh8 36. Qc2 Qf3 37. Qd2 Qxe4 38. Qe2 g4 39. hxg4
hxg4 40. b4 axb4 41. axb4 Qf3 42. Qxf3 gxf3 43. d5 cxd5 44. b5 Kg7 45. b6 Kf6
46. b7 Kf5 47. b8=Q Kg4 48. Qh8 Kf5 49. Qh4 1-0

[Event "Lichtenberger Sommer 2018"]
[Site "?"]
[Date "2018.08.19"]
[Round "2.78"]
[White "Khalaf, Adnan"]
[Black "Kohlmeyer, Dagobert"]
[Result "0-1"]
[WhiteElo "1465"]
[BlackElo "1858"]
[PlyCount "202"]
[EventDate "2018.??.??"]
[WhiteTeam "Läufer Reinickendorf"]
[BlackTeam "SG Weißensee 49"]

1. d4 Nf6 2. Bf4 g6 3. Nc3 d5 4. e3 Bg7 5. Nf3 O-O 6. h3 Nbd7 7. Qd2 a6 8. Bd3
c5 9. e4 cxd4 10. Nxd5 Nxd5 11. exd5 Nc5 12. Bh6 Nxd3+ 13. cxd3 Qxd5 14. Bxg7
Kxg7 15. Rc1 Bd7 16. Qf4 Bc6 17. O-O Rad8 18. b3 f6 19. Rfe1 e5 20. Qg3 Rfe8
21. Re4 Qd6 22. Nh4 Bxe4 23. dxe4 Qd7 24. Nf5+ Kh8 25. Nh6 Rc8 26. Rd1 Qg7 27.
Qh4 Rc6 28. Rd3 Rc1+ 29. Kh2 Rc3 30. Rd2 Rec8 31. Ng4 R8c6 32. f4 Rd6 33. fxe5
fxe5 34. Qg5 Re6 35. Nh6 Qf6 36. Qg4 Qf4+ 37. Qxf4 exf4 38. Rxd4 Kg7 39. Ng4
Rc7 40. e5 g5 41. Rd5 Rce7 42. a4 Kg6 43. b4 h5 44. Nf2 Rxe5 45. Rd6+ Kg7 46.
Nd3 Re2 47. Kg1 Rd2 48. b5 axb5 49. axb5 Re1+ 50. Nxe1 Rxd6 51. Nf3 Rd5 52. b6
Kf6 53. h4 g4 54. Ng5 g3 55. Kf1 Rd1+ 56. Ke2 Rg1 57. Kf3 Rf1+ 58. Ke4 Rf2 59.
Nh3 Rxg2 60. Nxf4 Rf2 61. Nxh5+ Kf7 62. Nxg3 Rb2 63. Ke5 Rxb6 64. Nf5 Rb5+ 65.
Ke4 Kf6 66. Nd4 Rb1 67. Kd5 Kg6 68. Kc5 Kh5 69. Nf5 Kg4 70. Nd6 Kxh4 71. Nc4
Kg4 72. Na3 Rb3 73. Nb5 Kf4 74. Nd4 Rb1 75. Nb5 Ke5 76. Nc3 Rc1 77. Kb4 Kd6 78.
Nb5+ Kc6 79. Nd4+ Kd5 80. Nb3 Rb1 81. Kc3 b6 82. Nd2 Rh1 83. Nb3 Rg1 84. Kb4
Rg4+ 85. Kb5 Rg6 86. Nd2 Kd4 87. Nf3+ Kd5 88. Nd2 Rf6 89. Nc4 Kd4 90. Nxb6 Rg6
91. Nc8 Rg5+ 92. Kb4 Rg8 93. Ne7 Rb8+ 94. Ka5 Kc5 95. Ka6 Re8 96. Nf5 Kc6 97.
Nd4+ Kd5 98. Nb5 Kc5 99. Nc7 Re7 100. Na8 Rd7 101. Nb6 Rd6 0-1

[Event "Lichtenberger Sommer 2018"]
[Site "?"]
[Date "2018.08.19"]
[Round "2.79"]
[White "Schilly, Hans-Joachim"]
[Black "Lange, Johannes Friedrich"]
[Result "1-0"]
[WhiteElo "1771"]
[BlackElo "1447"]
[PlyCount "71"]
[EventDate "2018.??.??"]
[WhiteTeam "SF Siemensstadt"]
[BlackTeam "TSG Oberschöneweide"]

1. c4 e5 2. Nc3 Nf6 3. Nf3 Nc6 4. d3 d5 5. cxd5 Nxd5 6. g3 Bb4 7. Bd2 O-O 8.
Bg2 Nxc3 9. bxc3 Bc5 10. O-O Bg4 11. h3 Be6 12. Ng5 Bd5 13. Ne4 Bb6 14. c4 Be6
15. a4 a6 16. a5 Ba7 17. Rb1 Rb8 18. Kh2 b6 19. Nc5 Nxa5 20. Nxa6 Rc8 21. c5
Bd5 22. Bxa5 bxa5 23. Ra1 Bxg2 24. Kxg2 Qd5+ 25. e4 Qd4 26. Rxa5 Qc3 27. Ra4
Rfd8 28. Nb4 Bxc5 29. Nd5 Qb2 30. Rc4 Qa3 31. Qc2 Bd6 32. Rc1 c5 33. Ra4 c4 34.
Rxa3 Bxa3 35. Rb1 cxd3 36. Qxd3 1-0

[Event "Lichtenberger Sommer 2018"]
[Site "?"]
[Date "2018.08.19"]
[Round "2.80"]
[White "Bandsom, Olaf"]
[Black "Stark, Steven"]
[Result "1-0"]
[WhiteElo "1806"]
[BlackElo "1439"]
[PlyCount "89"]
[EventDate "2018.??.??"]
[WhiteTeam "SC Friesen Lichtenberg"]
[BlackTeam "BSC Rehberge"]

1. e4 e5 2. Nf3 d6 3. Bc4 Be7 4. c3 Nd7 5. Qb3 Nh6 6. d4 O-O 7. Bxh6 gxh6 8.
Nbd2 a6 9. Rd1 Qe8 10. dxe5 dxe5 11. Nf1 Nc5 12. Qc2 Bf6 13. Ne3 c6 14. b4 b5
15. bxc5 bxc4 16. Nxc4 Qe6 17. Ne3 a5 18. O-O Bg7 19. Nf5 Ba6 20. Rfe1 Rfd8 21.
Nxg7 Kxg7 22. Nh4 Bc4 23. Nf5+ Kf8 24. a3 a4 25. Qc1 Bb3 26. Rxd8+ Rxd8 27. g4
Rd3 28. Nxh6 Qg6 29. Kg2 Ke7 30. Nf5+ Kf6 31. h3 h5 32. f3 Ke6 33. Kg3 Kd7 34.
Nd6 Qg7 35. Rf1 f6 36. c4 Qh7 37. g5 Qg7 38. h4 Qg8 39. Kh2 Rd4 40. gxf6 Bxc4
41. Rg1 Qe6 42. Qg5 Be2 43. Qg7+ Kd8 44. Qf8+ Kc7 45. Rg7+ 1-0

[Event "Lichtenberger Sommer 2018"]
[Site "?"]
[Date "2018.08.19"]
[Round "2.81"]
[White "Lange, Malina"]
[Black "Lieder, Günter"]
[Result "0-1"]
[WhiteElo "1488"]
[BlackElo "1830"]
[PlyCount "76"]
[EventDate "2018.??.??"]
[WhiteTeam "SV Mattnetz Berlin"]
[BlackTeam "SK Turm Bad Hersfeld"]

1. e4 c5 2. Nf3 Nc6 3. d4 cxd4 4. Nxd4 d6 5. Nc3 Nf6 6. Bb5 Bd7 7. Bc4 g6 8.
O-O Bg7 9. Be3 O-O 10. Qd2 a6 11. f3 Rc8 12. Nde2 Qa5 13. Kh1 Rfe8 14. f4 Ng4
15. h3 Nxe3 16. Qxe3 b5 17. Bb3 b4 18. Na4 Rb8 19. a3 Nd8 20. axb4 Qxb4 21.
Nac3 a5 22. Nd5 Qb7 23. Rxa5 Nc6 24. Ra2 e6 25. Ndc3 Ra8 26. Rfa1 Rxa2 27. Rxa2
Ra8 28. Rxa8+ Qxa8 29. Qd3 Bf8 30. e5 d5 31. Ne4 Qa1+ 32. Kh2 Nb4 33. Nf6+ Kg7
34. Qg3 Bb5 35. Qh4 h6 36. Ng3 Bc5 37. Nfh5+ Kh7 38. Qf6 Qg1# 0-1